[Event "Biel"]
[Site "Biel SUI"]
[Date "1992.??.??"]
[Round "1"]
[White "Hansen, Curt"]
[Black "Georgiev, Kiril"]
[Result "0-1"]
[WhiteElo "2635"]
[BlackElo "2610"]
[PlyCount "72"]
[EventDate "1992.07.17"]
[EventType "tourn"]
[EventRounds "14"]
[EventCountry "SUI"]
[EventCategory "16"]

1. c4 Nf6 2. Nc3 e6 3. Nf3 d5 4. d4 Be7 5. Bg5 h6 6. Bh4 O-O 7. e3 b6 8. Bd3 dxc4 9. Bxc4 Bb7 10. O-O Nbd7 11. Qe2 a6 12. Rad1 b5 13. Bd3 Nd5 14. Bxe7 Qxe7 15. Nxd5 Bxd5 16. e4 Bb7 17. e5 c5 18. Be4 Bxe4 19. Qxe4 c4 20. d5 exd5 21. Qxd5 Nc5 22. Qd6 Rfe8 23. Rd5 Nd3 24. b3 Rac8 25. bxc4 bxc4 26. g3 Qb7 27. Kg2 Rcd8 28. Qxd8 Rxd8 29. Rxd8+ Kh7 30. Rd1 Nxe5 31. R1d5 Nxf3 32. Kxf3 c3 33. R8d7 Qc6 34. R7d6 Qc4 35. Rd4 Qc8 36. Rd8 Qc6+ {Ftacnik,L} 0-1

[Event "Biel"]
[Site "Biel SUI"]
[Date "1992.??.??"]
[Round "7"]
[White "Korchnoi, Viktor"]
[Black "Hansen, Curt"]
[Result "1/2-1/2"]
[WhiteElo "2575"]
[BlackElo "2635"]
[PlyCount "45"]
[EventDate "1992.07.17"]
[EventType "tourn"]
[EventRounds "14"]
[EventCountry "SUI"]
[EventCategory "16"]

1. d4 Nf6 2. c4 e6 3. Nc3 Bb4 4. e3 c5 5. Nge2 d5 6. a3 Bxc3+ 7. Nxc3 cxd4 8. exd4 dxc4 9. Bxc4 Nc6 10. Be3 O-O 11. O-O b6 12. Qd3 Bb7 13. Rad1 h6 14. Bf4 Ne7 15. Rfe1 Nfd5 16. Bg3 Ng6 17. f3 Rc8 18. Nxd5 Bxd5 19. Ba6 Ra8 20. Rc1 h5 21. Kf2 Qf6 22. Qe3 Rfe8 23. Be5 1/2-1/2

[Event "Biel"]
[Site "Biel SUI"]
[Date "1992.??.??"]
[Round "10"]
[White "Hansen, Curt"]
[Black "Shirov, Alexei"]
[Result "0-1"]
[WhiteElo "2635"]
[BlackElo "2710"]
[PlyCount "44"]
[EventDate "1992.07.17"]
[EventType "tourn"]
[EventRounds "14"]
[EventCountry "SUI"]
[EventCategory "16"]

1. d4 d5 2. c4 c6 3. Nc3 Nf6 4. Nf3 e6 5. e3 Nbd7 6. Bd3 dxc4 7. Bxc4 b5 8. Bd3 Bb7 9. e4 b4 10. Na4 c5 11. e5 Nd5 12. dxc5 Nxc5 13. Bb5+ Nd7 14. Bg5 Qa5 15. Nd4 Ba6 16. Bc6 Rc8 17. Rc1 b3+ 18. Nc3 bxa2 19. Bxd7+ Kxd7 20. Nde2 Be7 21. Bxe7 Kxe7 22. O-O Rhd8 {Ftacnik,L} 0-1